| 000 | 01503nam a2200289 a 4500 | ||
|---|---|---|---|
| 008 | 120416s1984 ||||||||||||||||| || u | ||
| 020 | _a0435957619 | ||
| 050 | _aHB 2752.4 Pop | ||
| 100 | _aOminde, S. H. (Simeon Hongo) | ||
| 245 | 1 | 0 |
_aPopulation and development in Kenya _cedited by S. H. Ominde |
| 260 |
_aNairobi: _bHeinemann Educational Books _c1984 |
||
| 300 | _aix, 129p.: ill | ||
| 350 | _a0.00 | ||
| 500 | _aIncludes bibliographies and index. | ||
| 650 | _aKENYA--POPULATION | ||
| 650 | _aPOPULATION--KENYA | ||
| 650 | _aPOPULATION FORCASTING--KENYA | ||
| 650 | _aLAND USE--KENYA | ||
| 650 | _aKENYA--ECONOMIC POLICY | ||
| 700 | _aHenin, R. A | ||
| 700 | _aSly, David | ||
| 995 |
_aANNEX COLLECTION (Main Library) _D0.00 _e720200 _FCBU-MAIN LIBRARY (Kitwe) _H5 _I0.00 _jHB 2752.4 Pop _M5 _UAVAILABLE _y002603 _ZAnnex Low-Usage Collection |
||
| 995 |
_aANNEX COLLECTION (Main Library) _D0.00 _e720201 _FCBU-MAIN LIBRARY (Kitwe) _H3 _I0.00 _jHB 2752.4 Pop _M3 _UAVAILABLE _y002602 _ZAnnex Low-Usage Collection |
||
| 995 |
_aANNEX COLLECTION (Main Library) _D0.00 _e720203 _FCBU-MAIN LIBRARY (Kitwe) _H2 _I0.00 _jHB 2752.4 Pop _M2 _UAVAILABLE _y002601 _ZAnnex Low-Usage Collection |
||
| 995 |
_aANNEX COLLECTION (Main Library) _D0.00 _e720202 _FCBU-MAIN LIBRARY (Kitwe) _H1 _I0.00 _jHB 2752.4 Pop _M1 _UAVAILABLE _y002600 _ZAnnex Low-Usage Collection |
||
| 995 |
_aANNEX COLLECTION (Main Library) _D0.00 _e720443 _FCBU-MAIN LIBRARY (Kitwe) _H4 _I0.00 _jHB 2752.4 Pop _M4 _UAVAILABLE _y002604 _ZAnnex Low-Usage Collection |
||
| 999 |
_c82060 _d82060 |
||